Faktory určujúce výkonnosť

Bibliographic Details
Main Author: Herceg, Karol (Author)
Format: Article
Language:Slovak
PhysicalDescription:Obr.
Subjects:

MARC

LEADER 00000nab a2200000 ar4500
001 vtls009008622
003 SK-MaSNL
005 20260303065525.0
008 070623c1976 xo wr|||||||||000 b|slo
015 |a SNBRB2007/07  |2 snkbucl 
038 |a SNKBUCL 
040 |a SNKBUCL  |b slo  |c SNKBUCL  |e AACR2 
041 0 |a slo 
044 |a xo  |c SK 
080 |a 796.61  |2 2001 
100 1 |a Herceg, Karol  |4 aut  |9 710132 
245 1 0 |a Faktory určujúce výkonnosť  |c Karol Herceg 
300 |b Obr. 
650 0 7 |a cyklistika  |2 snkbucl  |9 3263 
773 0 |t Cyklistika  |g Roč. 93, č. 3 (1976), s. 12 
852 |a SNK  |b KIS3GCP 
999 |c 1751551  |d 1753481